[Event "Prague op-B 19th"]
[Site "Prague"]
[Date "2020.01.14"]
[Round "6"]
[White "Lu, Miaoyi"]
[Black "Zamorsky, Ladislav"]
[Result "1-0"]
[WhiteElo "1734"]
[BlackElo "1804"]
[PlyCount "59"]
[EventDate "2020.01.10"]
[EventType "swiss"]
[EventRounds "9"]
[EventCountry "CZE"]
[SourceTitle "CBM 195 Extra"]
[Source "ChessBase"]
[SourceDate "2020.05.31"]
[SourceVersion "1"]
[SourceVersionDate "2020.05.31"]
[SourceQuality "1"]

1. d4 Nf6 2. c4 c5 3. d5 e6 4. Nc3 exd5 5. cxd5 d6 6. g3 g6 7. Bg2 Bg7 8. Nf3 b5 9. Nxb5 Qa5+ 10. Nc3 Ne4 11. Bd2 Nxd2 12. Qxd2 0-0 13. 0-0 Re8 14. Qc2 Ba6 15. Rfe1 Nd7 16. e4 Rab8 17. Rac1 c4 18. Red1 Nc5 19. Ne1 Rb4 20. Rb1 Reb8 21. Bf1 Qb6 22. Bg2 Rxb2 23. Rxb2 Qxb2 24. Rb1 Nd3 25. Rxb2 Rxb2 26. Qa4 Bxc3 27. Nxd3 Rb1+ 28. Bf1 cxd3 29. Qxa6 d2 30. Qc8+ 1-0

[Event "Prague Golden rap op 13th"]
[Site "Prague"]
[Date "2017.07.01"]
[Round "1"]
[White "Zamorsky, Ladislav"]
[Black "Kiss, Pal"]
[Result "0-1"]
[WhiteElo "1889"]
[BlackElo "2339"]
[PlyCount "62"]
[EventDate "2017.07.01"]
[EventType "swiss (rapid)"]
[EventRounds "7"]
[EventCountry "CZE"]
[SourceTitle "EXT 2018"]
[Source "ChessBase"]
[SourceDate "2017.10.13"]
[SourceVersion "1"]
[SourceVersionDate "2017.10.13"]
[SourceQuality "1"]

1. d4 d5 2. c4 c6 3. Nf3 Nf6 4. Nc3 dxc4 5. a4 Bf5 6. e3 e6 7. Bxc4 Bb4 8. 0-0 0-0 9. Na2 Bd6 10. Bd2 Nbd7 11. Bb4 Bxb4 12. Nxb4 c5 13. dxc5 Nxc5 14. a5 a6 15. Qxd8 Rfxd8 16. Rfd1 Kf8 17. Rd4 Rxd4 18. Nxd4 Bg6 19. Nb3 Rc8 20. Rd1 Ke7 21. f3 Na4 22. Rd4 e5 23. Rh4 e4 24. Nd5+ Kd6 25. Nxf6 gxf6 26. Be2 Nxb2 27. fxe4 Rc3 28. Nd4 Rxe3 29. Bf3 Nd3 30. Nf5+ Bxf5 31. exf5 Re1# 0-1

[Event "Klatovy op-B 22nd"]
[Site "Klatovy"]
[Date "2016.07.03"]
[Round "2"]
[White "Zamorsky, Ladislav"]
[Black "Gorbunov, Artemiy"]
[Result "1-0"]
[WhiteElo "1840"]
[BlackElo "1671"]
[PlyCount "69"]
[EventDate "2016.07.02"]
[EventType "swiss"]
[EventRounds "9"]
[EventCountry "CZE"]
[SourceTitle "EXT 2019"]
[Source "ChessBase"]
[SourceDate "2018.10.10"]
[SourceVersion "1"]
[SourceVersionDate "2018.10.10"]
[SourceQuality "1"]

1. Nf3 d5 2. c4 dxc4 3. Qa4+ Bd7 4. Qxc4 e6 5. Ne5 Bd6 6. Nxd7 Nxd7 7. g3 Ngf6 8. Bg2 c6 9. 0-0 0-0 10. d3 Ne5 11. Qc2 Ng6 12. Nc3 h6 13. a3 a5 14. Na4 Qc7 15. Be3 Ne5 16. Bd2 h5 17. e4 Ng6 18. d4 Nd7 19. Rac1 h4 20. Nc3 Rac8 21. e5 Be7 22. f4 hxg3 23. hxg3 c5 24. d5 Ndxe5 25. fxe5 Qxe5 26. Qe4 Qxg3 27. dxe6 c4 28. Rf3 Bc5+ 29. Kf1 Qh2 30. exf7+ Rxf7 31. Rxf7 Kxf7 32. Qf5+ Ke7 33. Re1+ Kd8 34. Qxg6 Kc7 35. Qxg7+ 1-0

[Event "Klatovy op-B 22nd"]
[Site "Klatovy"]
[Date "2016.07.02"]
[Round "1"]
[White "Repa, Vaclav"]
[Black "Zamorsky, Ladislav"]
[Result "0-1"]
[WhiteElo "1577"]
[BlackElo "1840"]
[PlyCount "116"]
[EventDate "2016.07.02"]
[EventType "swiss"]
[EventRounds "9"]
[EventCountry "CZE"]
[SourceTitle "EXT 2019"]
[Source "ChessBase"]
[SourceDate "2018.10.10"]
[SourceVersion "1"]
[SourceVersionDate "2018.10.10"]
[SourceQuality "1"]

1. c4 Nf6 2. Nc3 g6 3. e4 d6 4. b4 a5 5. b5 Bg7 6. d4 0-0 7. Rb1 c5 8. d5 Ng4 9. Qc2 Bd4 10. Nh3 Nd7 11. Ne2 Bg7 12. f3 Nge5 13. Ng3 Nb6 14. Nf2 e6 15. f4 Ned7 16. Be2 exd5 17. exd5 Nf6 18. 0-0 h5 19. Bd3 Ng4 20. Bb2 Ne3 21. Qd2 Nxf1 22. Rxf1 f5 23. Nh3 Bxb2 24. Qxb2 Qf6 25. Qxf6 Rxf6 26. Re1 Bd7 27. Ng5 Re8 28. Rxe8+ Bxe8 29. Ne6 Bd7 30. Ng5 Rf8 31. Kf2 Re8 32. Nf1 Na4 33. Ne3 Nc3 34. a3 Ne4+ 35. Bxe4 fxe4 36. h4 a4 37. g3 Re7 38. Ke2 Kf8 39. Kd2 Ke8 40. Ke2 Kd8 41. Kd2 Kc7 42. Nd1 Kb6 43. Ke3 Bxb5 44. cxb5 Kxb5 45. Nc3+ Kc4 46. Nxa4 Kxd5 47. Nb6+ Kc6 48. Na4 d5 49. Nb2 d4+ 50. Kd2 b5 51. a4 c4 52. axb5+ Kxb5 53. Nd1 Kb4 54. Kc2 e3 55. Nf3 d3+ 56. Kc1 c3 57. Ne5 Rxe5 58. fxe5 e2 0-1

[Event "Prague Golden op 11th"]
[Site "Prague"]
[Date "2015.06.21"]
[Round "1"]
[White "Zamorsky, Ladislav"]
[Black "Groh, Jiri"]
[Result "0-1"]
[WhiteElo "1822"]
[BlackElo "2046"]
[PlyCount "64"]
[EventDate "2015.06.21"]
[EventType "swiss"]
[EventRounds "9"]
[EventCountry "CZE"]
[SourceTitle "CBM 167 Extra"]
[Source "ChessBase"]
[SourceDate "2015.09.14"]
[SourceVersion "1"]
[SourceVersionDate "2015.09.14"]
[SourceQuality "1"]

1. Nf3 c5 2. g3 g6 3. Bg2 Bg7 4. 0-0 Nc6 5. c4 Nf6 6. Nc3 0-0 7. d4 cxd4 8. Nxd4 Qb6 9. Nc2 d6 10. b3 a6 11. Bb2 Bd7 12. Qd2 Ne5 13. Ne3 Bc6 14. Ncd5 Bxd5 15. Nxd5 Nxd5 16. Bxd5 Nd7 17. Bxg7 Kxg7 18. Rfd1 Rac8 19. Qd4+ Qxd4 20. Rxd4 Rc7 21. Rad1 b6 22. Bg2 Nc5 23. f4 a5 24. Be4 e5 25. Rxd6 Nxe4 26. Rxb6 exf4 27. gxf4 a4 28. Rb4 axb3 29. axb3 Re8 30. Kf1 Nc3 31. Re1 Re4 32. e3 Nd5 0-1

[Event "Ricany op"]
[Site "Ricany"]
[Date "2013.08.30"]
[Round "8"]
[White "Mihal, Sergej"]
[Black "Zamorsky, Ladislav"]
[Result "1/2-1/2"]
[WhiteElo "1771"]
[BlackElo "1778"]
[PlyCount "80"]
[EventDate "2013.08.24"]
[EventType "swiss"]
[EventRounds "9"]
[EventCountry "CZE"]
[SourceTitle "EXT 2022"]
[Source "ChessBase"]
[SourceDate "2021.10.06"]
[SourceVersion "1"]
[SourceVersionDate "2021.10.06"]
[SourceQuality "1"]

1. e4 e5 2. Nf3 Nc6 3. Bc4 Bc5 4. c3 Nf6 5. d4 exd4 6. cxd4 Bb4+ 7. Nc3 Nxe4 8. 0-0 Bxc3 9. d5 Ne5 10. bxc3 Nxc4 11. Qd4 0-0 12. Qxe4 b5 13. Re1 Bb7 14. Ng5 f5 15. Qh4 h6 16. f4 Bxd5 17. Be3 Nxe3 18. Rxe3 Qf6 19. Rae1 Be4 20. Qh5 d5 21. Kh1 c5 22. Rg3 d4 23. cxd4 cxd4 24. Rg1 Rab8 25. Nf3 Kh7 26. Rg6 Bxf3 27. gxf3 Qf7 28. R1g3 Rb6 29. Rxg7+ Qxg7 30. Rxg7+ Kxg7 31. Qh4 Rff6 32. Qf2 Rbe6 33. Kg2 a6 34. a4 bxa4 35. Kh3 a3 36. Kh4 Rf7 37. Kh5 d3 38. h4 d2 39. Qd4+ Rff6 40. Qxd2 a2 1/2-1/2

[Event "Ricany op"]
[Site "Ricany"]
[Date "2013.08.25"]
[Round "2"]
[White "Hanl, Frantisek"]
[Black "Zamorsky, Ladislav"]
[Result "1-0"]
[WhiteElo "1964"]
[BlackElo "1778"]
[PlyCount "109"]
[EventDate "2013.08.24"]
[EventType "swiss"]
[EventRounds "9"]
[EventCountry "CZE"]
[SourceTitle "EXT 2022"]
[Source "ChessBase"]
[SourceDate "2021.10.06"]
[SourceVersion "1"]
[SourceVersionDate "2021.10.06"]
[SourceQuality "1"]

1. e4 e5 2. Nc3 Nf6 3. f4 d5 4. fxe5 Nxe4 5. d3 Nc5 6. d4 Ne6 7. Nf3 Be7 8. Bd3 c5 9. dxc5 Nxc5 10. Nxd5 Nxd3+ 11. Qxd3 Nc6 12. 0-0 Be6 13. Nxe7 Qxd3 14. cxd3 Nxe7 15. b3 Nd5 16. Ba3 Rc8 17. Rac1 Rxc1 18. Rxc1 Kd7 19. Ng5 h6 20. Ne4 b6 21. Nd6 f6 22. d4 fxe5 23. dxe5 h5 24. Rf1 Ne3 25. Rf3 Nd5 26. Rg3 Rg8 27. Rg5 g6 28. Ne4 Bf5 29. Nf6+ Nxf6 30. exf6 Ke6 31. Be7 Rc8 32. a3 h4 33. g4 Be4 34. Rb5 Rc1+ 35. Kf2 Rc2+ 36. Ke3 Bc6 37. Rg5 Be8 38. h3 Rb2 39. Kf4 Rf2+ 40. Ke4 Re2+ 41. Kd4 Rd2+ 42. Kc3 Rh2 43. Bd8 Rxh3+ 44. Kd4 Rxb3 45. Re5+ Kd7 46. Rd5+ Ke6 47. Re5+ Kd7 48. Bc7 Rf3 49. Re7+ Kc6 50. Be5 Bd7 51. f7 h3 52. Ke4 Rf1 53. Bf4 Rxf4+ 54. Kxf4 h2 55. Re1 1-0

[Event "Zdar nad Sazavou Vysocina op 8th"]
[Site "Zdar nad Sazavou"]
[Date "2011.09.29"]
[Round "7"]
[White "Zamorsky, Ladislav"]
[Black "Sukdolak, Radek"]
[Result "0-1"]
[WhiteElo "1757"]
[BlackElo "1901"]
[PlyCount "54"]
[EventDate "2011.09.24"]
[EventType "swiss"]
[EventRounds "9"]
[EventCountry "CZE"]
[SourceTitle "CBM 144 Extra"]
[Source "ChessBase"]
[SourceDate "2011.10.28"]
[SourceVersion "1"]
[SourceVersionDate "2011.10.28"]
[SourceQuality "1"]

1. d4 d5 2. c4 e6 3. Nc3 c6 4. Nf3 dxc4 5. e4 b5 6. a4 Bb4 7. Bd2 Bxc3 8. Bxc3 Nf6 9. Qc2 a5 10. axb5 cxb5 11. b3 Bb7 12. e5 Ne4 13. bxc4 Nxc3 14. Qxc3 b4 15. Qb2 Bxf3 16. gxf3 Nc6 17. Rd1 a4 18. d5 a3 19. Qa1 Qa5 20. Bd3 b3+ 21. Kf1 exd5 22. cxd5 Nb4 23. e6 b2 24. exf7+ Kxf7 25. Qb1 Nxd3 26. Rxd3 a2 27. Qc2 a1Q+ 0-1